Sports Quiz

Random Sports or Olympics Quiz

2012 Olympic Sport Disciplines by Icon Quiz Stats

Quiz Updated Nov 12, 2013

Challenge
Share
Tweet
Score 0/40 Timer 07:00
4 Plays Today
% Correct
London 2012
100%
London 2012
99.7%
Archery
96.4%
Basketball
95.6%
Boxing
95%
Diving
91.3%
Football
90.9%
Fencing
88.8%
Gymnastics - Artistic
88.8%
Tennis
88.8%
Swimming
88.7%
Volleyball
88.3%
Hockey
88.3%
Water Polo
86.8%
Badminton
85.9%
Weightlifting
85.5%
Sailing
84.6%
Rowing
83.8%
Table Tennis
83.4%
Beach Volleyball
82.7%
% Correct
Shooting
82.3%
Cycling - Road
81.8%
Canoe/Kayak Sprint
81.7%
Wrestling
78.7%
Judo
77.9%
Handball
75.9%
Synchronised Swimming
74.4%
Athletics
71.7%
Equestrian - Eventing
70.9%
Gymnastics - Trampoline
60.8%
Triathlon
54%
Cycling - BMX
53.6%
Cycling - Mountain Biking
52.7%
Taekwondo
49.9%
Equestrian - Jumping
49.5%
Equestrian - Dressage
46.1%
Gymnastics - Rhythmic
45%
Cycling - Track
42.7%
Modern Pentathlon
42.2%
Canoe/Kayak Slalom
37.3%

You're not logged in!

Compare scores with friends on all Sporcle quizzes.
Sign Up with Email
OR
Log In

You Might Also Like...

Show Comments

Extras

Top Quizzes Today


Score Distribution

Your Account Isn't Verified!

In order to create a playlist on Sporcle, you need to verify the email address you used during registration. Go to your Sporcle Settings to finish the process.